Cross- Cultural Management (Record no. 6139)

000 -LEADER
fixed length control field 00689nam a22001577a 4500
008 - FIXED-LENGTH DATA ELEMENTS--GENERAL INFORMATION
fixed length control field 180423b xxu||||| |||| 00| 0 eng d
020 ## - INTERNATIONAL STANDARD BOOK NUMBER
International Standard Book Number 978-1-4129-3956-0
082 ## - DEWEY DECIMAL CLASSIFICATION NUMBER
Classification number 568.049 THO
100 ## - MAIN ENTRY--PERSONAL NAME
Personal name THOMAS, David. C
245 ## - TITLE STATEMENT
Title Cross- Cultural Management
Remainder of title Essential Concepts
Statement of responsibility, etc. David C. Thomas
250 ## - EDITION STATEMENT
Edition statement 2nd ed
260 ## - PUBLICATION, DISTRIBUTION, ETC. (IMPRINT)
Place of publication, distribution, etc. California
Name of publisher, distributor, etc. SAGE Publications
Date of publication, distribution, etc. 2008
300 ## - PHYSICAL DESCRIPTION
Extent xix, 327p
Dimensions 23cm
650 ## - SUBJECT ADDED ENTRY--TOPICAL TERM
Source of heading or term International Business Enterprises- Management 2. International Business Enterprises- Management- Cross-cultural Studies 3. Management- Cross-cultural Studies 4. Intercultural Communication 5. Communication in Management- Cross-cultural Studies
942 ## - ADDED ENTRY ELEMENTS (KOHA)
Source of classification or shelving scheme
Koha item type BOOKS
Holdings
Withdrawn status Lost status Source of classification or shelving scheme Damaged status Not for loan Home library Current library Date acquired Total Checkouts Full call number Barcode Date last seen Price effective from Koha item type
          Mwanza Mwanza 23/04/2018   568.049 THO 10000001636 23/04/2018 23/04/2018 BOOKS

IRDP © 2019 :: Managed by IRDP ICT Unit